[Event "GER-chT U20"]
[Site "Magdeburg"]
[Date "2023.12.29"]
[Round "6.8"]
[White "Burghardt, Jonathan"]
[Black "Poggemann, Alexander"]
[Result "1/2-1/2"]
[WhiteElo "1260"]
[BlackElo "1750"]
[PlyCount "81"]
[EventDate "2023.12.26"]
[EventType "team-swiss"]
[EventRounds "7"]
[EventCountry "GER"]
[SourceTitle "CB03_2024"]
[SourceDate "2024.01.17"]
[SourceVersion "1"]
[SourceVersionDate "2024.01.17"]
[SourceQuality "1"]
[WhiteTeam "Magdeburg USC"]
[BlackTeam "Hemer"]
[WhiteTeamCountry "GER"]
[BlackTeamCountry "GER"]

1. e4 c5 2. Nf3 Nc6 3. d4 cxd4 4. Nxd4 g6 5. Nc3 Bg7 6. Nxc6 bxc6 7. Bd3 e5 8. 0-0 Nf6 9. f4 d6 10. Kh1 0-0 11. fxe5 dxe5 12. Bg5 Qd6 13. Qd2 Nd7 14. Qf2 Qb4 15. a3 Qxb2 16. Be7 Qxc3 17. Bxf8 Nxf8 18. Qxf7+ Kh8 19. Bc4 Be6 20. Bxe6 Nxe6 21. Qxe6 Qxc2 22. Qd7 Qxe4 23. Rf7 Qd4 24. Rd1 Qxd7 25. Rfxd7 Kg8 26. Rd8+ Rxd8 27. Rxd8+ Bf8 28. a4 Kf7 29. Rd7+ Ke6 30. Rxa7 e4 31. Ra8 Bc5 32. g3 Kd5 33. Kg2 Kc4 34. Kf1 Kd3 35. Rd8+ Ke3 36. Rd7 Bb4 37. Rxh7 c5 38. Rc7 Kd3 39. Rd7+ Ke3 40. Rc7 Kd3 41. Rd7+ 1/2-1/2

[Event "GER-chT U20"]
[Site "Magdeburg"]
[Date "2023.12.28"]
[Round "3.7"]
[White "Burghardt, Jonathan"]
[Black "Epp, Magnus"]
[Result "0-1"]
[WhiteElo "1260"]
[BlackElo "1478"]
[PlyCount "68"]
[EventDate "2023.12.26"]
[EventType "team-swiss"]
[EventRounds "7"]
[EventCountry "GER"]
[SourceTitle "CB03_2024"]
[SourceDate "2024.01.17"]
[SourceVersion "1"]
[SourceVersionDate "2024.01.17"]
[SourceQuality "1"]
[WhiteTeam "Magdeburg USC"]
[BlackTeam "Biberach"]
[WhiteTeamCountry "GER"]
[BlackTeamCountry "GER"]

1. e4 e6 2. d4 d5 3. exd5 exd5 4. Nf3 Bd6 5. c4 dxc4 6. Bxc4 Nf6 7. 0-0 0-0 8. Nc3 Nbd7 9. Bg5 c6 10. Re1 Qc7 11. Qb3 Nb6 12. Bxf6 gxf6 13. Bd3 Bg4 14. Re3 Bf4 15. Re4 f5 16. Ree1 Bxf3 17. gxf3 Bxh2+ 18. Kg2 Kh8 19. Bxf5 Rg8+ 20. Kf1 Rg5 21. Bd3 Rg1+ 22. Ke2 Re8+ 23. Ne4 Rxe1+ 24. Rxe1 f5 25. Kd1 fxe4 26. Rxe4 Rxe4 27. Bxe4 Qd7 28. Qb4 Bd6 29. Qd2 Qg7 30. d5 Nc4 31. Qc2 Qd4+ 32. Kc1 Bf4+ 33. Kb1 Be5 34. dxc6 Na3+ 0-1